[Event "EU-Cup Online Gr-H"]
[Site "Tornelo INT"]
[Date "2021.03.27"]
[Round "2.4"]
[White "Arndt, Magnus"]
[Black "Ould Ahmed, Samy"]
[Result "1-0"]
[WhiteElo "2282"]
[BlackElo "2110"]
[PlyCount "43"]
[EventDate "2021.03.27"]
[EventType "team-tourn (rapid)"]
[EventRounds "9"]
[EventCountry "NET"]
[SourceTitle "CBM 201 Extra"]
[Source "ChessBase"]
[SourceDate "2021.05.31"]
[SourceVersion "1"]
[SourceVersionDate "2021.05.31"]
[SourceQuality "1"]
[WhiteTeam "Kiel Doppelbauer"]
[BlackTeam "Franconville"]
[WhiteTeamCountry "GER"]
[BlackTeamCountry "FRA"]

1. e4 e5 2. Nf3 Nc6 3. d4 exd4 4. Nxd4 Nf6 5. Nxc6 bxc6 6. e5 Qe7 7. Qe2 Nd5 8. c4 Ba6 9. Nd2 g5 10. Ne4 h6 11. h4 Nf4 12. Bxf4 gxf4 13. Nf6+ Kd8 14. 0-0-0 Bc8 15. Qe4 Qc5 16. Qxf4 h5 17. Ne4 Qe7 18. Ng5 Bh6 19. Be2 Re8 20. Bxh5 Qxe5 21. Nxf7+ Ke7 22. Qxh6 1-0

[Event "IECC KO-4040"]
[Site "IECC email"]
[Date "2017.06.17"]
[Round "?"]
[White "Ould Ahmed, Samy"]
[Black "Martins, Karin"]
[Result "0-1"]
[WhiteElo "2083"]
[BlackElo "1925"]
[PlyCount "62"]
[EventDate "2016.??.??"]
[EventType "match (corr)"]
[EventRounds "2"]
[SourceTitle "Corr 2020"]
[Source "ChessBase"]
[SourceDate "2019.09.30"]
[SourceVersion "1"]
[SourceVersionDate "2019.09.30"]
[SourceQuality "1"]
[WhiteTeam "Algeria"]
[BlackTeam "Germany"]
[WhiteTeamCountry "ALG"]
[BlackTeamCountry "GER"]

1. d4 Nf6 2. Nf3 d6 3. c4 c6 4. Nc3 Nbd7 5. e4 e5 6. Be2 Be7 7. 0-0 0-0 8. Qc2 a6 9. Rd1 Qc7 10. Bg5 b5 11. cxb5 cxb5 12. Rac1 Qb8 13. dxe5 dxe5 14. Nd5 Nxd5 15. exd5 Bd6 16. Bd2 Bb7 17. Ng5 Nf6 18. Ba5 Rc8 19. Qb1 Rxc1 20. Rxc1 Bxd5 21. Rd1 e4 22. Bc3 Bxh2+ 23. Kh1 Be5 24. Nxh7 Kxh7 25. Rxd5 Bxc3 26. bxc3 Qf4 27. Rd4 Rh8 28. Kg1 Kg6 29. Bf3 Qh2+ 30. Kf1 Qh1+ 31. Ke2 Qxb1 0-1

[Event "IECC KO-5093"]
[Site "IECC email"]
[Date "2016.08.02"]
[Round "?"]
[White "Ould Ahmed, Samy"]
[Black "Domingues, Marcos"]
[Result "1/2-1/2"]
[WhiteElo "2104"]
[BlackElo "1660"]
[PlyCount "69"]
[EventDate "2016.??.??"]
[EventType "match (corr)"]
[EventRounds "2"]
[SourceTitle "Corr 2020"]
[Source "ChessBase"]
[SourceDate "2019.09.30"]
[SourceVersion "1"]
[SourceVersionDate "2019.09.30"]
[SourceQuality "1"]
[WhiteTeam "Algeria"]
[BlackTeam "Brazil"]
[WhiteTeamCountry "ALG"]
[BlackTeamCountry "BRA"]

1. e4 c5 2. Nf3 Nc6 3. d4 cxd4 4. Nxd4 e5 5. Nb5 d6 6. c4 Be7 7. N1c3 a6 8. Na3 f5 9. exf5 Bxf5 10. Nc2 Nf6 11. Ne3 Be6 12. Bd3 0-0 13. 0-0 Nd4 14. b3 g6 15. f4 b5 16. Ncd5 Bxd5 17. Nxd5 Nxd5 18. cxd5 Bf6 19. Bb2 exf4 20. Rxf4 Nf3+ 21. Qxf3 Bxb2 22. Rf1 Rxf4 23. Qxf4 Qe7 24. g3 Rf8 25. Qxf8+ Qxf8 26. Rxf8+ Kxf8 27. a4 bxa4 28. bxa4 a5 29. Kf2 Ke7 30. Ke3 Kf6 31. Ke4 Bc3 32. Bb5 Ke7 33. Bf1 Kf6 34. Bh3 Bb4 35. Be6 1/2-1/2

[Event "LSS No Engine Cup 156 Preliminary 0"]
[Site "LSS email"]
[Date "2016.07.22"]
[Round "?"]
[White "Martinez, Mari"]
[Black "Ould Ahmed, Samy"]
[Result "0-1"]
[WhiteElo "1698"]
[BlackElo "1600"]
[PlyCount "36"]
[EventDate "2016.07.23"]
[EventType "tourn (corr)"]
[EventRounds "6"]
[EventCountry "GER"]
[SourceTitle "Corr 2022"]
[Source "ChessBase"]
[SourceDate "2021.10.24"]
[SourceVersion "1"]
[SourceVersionDate "2021.10.24"]
[SourceQuality "1"]

1. e4 e5 2. Nf3 Nc6 3. Bb5 a6 4. Bxc6 dxc6 5. 0-0 Bg4 6. h3 h5 7. d3 Qf6 8. Nbd2 Ne7 9. Re1 Ng6 10. d4 Nf4 11. hxg4 hxg4 12. g3 gxf3 13. Qxf3 Ne6 14. dxe5 Qh6 15. Nb3 g5 16. Be3 Qh3 17. Nd2 g4 18. Qf5 Qh1# 0-1

[Event "IECC O-4347"]
[Site "IECC email"]
[Date "2016.06.26"]
[Round "?"]
[White "Ould Ahmed, Samy"]
[Black "Julio, Jimenez Alonso"]
[Result "1/2-1/2"]
[WhiteElo "2080"]
[BlackElo "2076"]
[PlyCount "93"]
[EventDate "2016.??.??"]
[EventType "swiss (corr)"]
[EventRounds "2"]
[SourceTitle "Corr 2020"]
[Source "ChessBase"]
[SourceDate "2019.09.30"]
[SourceVersion "1"]
[SourceVersionDate "2019.09.30"]
[SourceQuality "1"]
[WhiteTeam "Algeria"]
[BlackTeam "Spain"]
[WhiteTeamCountry "ALG"]
[BlackTeamCountry "ESP"]

1. e4 c5 2. Nf3 e6 3. d4 cxd4 4. Nxd4 Nc6 5. Nc3 Qc7 6. Be3 a6 7. Qd2 Nf6 8. 0-0-0 Be7 9. f3 b5 10. g4 Nxd4 11. Bxd4 Bb7 12. Kb1 0-0 13. g5 Nh5 14. Ne2 Rac8 15. Be3 d5 16. e5 Qxe5 17. f4 Qc7 18. Nd4 g6 19. Be2 Ng7 20. h4 e5 21. fxe5 Qxe5 22. Bf4 Qe4 23. Bf3 Rxc2 24. Qxc2 Qxf4 25. Qd3 Ne6 26. Ne2 Qe5 27. h5 Nxg5 28. hxg6 fxg6 29. Bxd5+ Bxd5 30. Qxd5+ Qxd5 31. Rxd5 Rf2 32. Nc1 Bf6 33. Nd3 Rf3 34. Rd7 Bg7 35. Rc1 h5 36. Rg1 Bf6 37. Rc1 Bg7 38. Rg1 Rf5 39. Nf4 Rxf4 40. Rxg5 Kh7 41. Rc5 Kh6 42. Rcc7 Rf1+ 43. Rc1 Rf2 44. Rc2 Rf1+ 45. Rc1 Rf2 46. Rc2 Rf1+ 47. Rc1 1/2-1/2

[Event "BI-2011-F-00008"]
[Site "LSS email"]
[Date "2012.02.12"]
[Round "?"]
[White "Ould Ahmed, Samy"]
[Black "Fels, Bernhard"]
[Result "1/2-1/2"]
[WhiteElo "2134"]
[BlackElo "2025"]
[PlyCount "47"]
[EventDate "2012.02.15"]
[EventType "tourn (corr)"]
[EventRounds "10"]
[EventCountry "GER"]
[SourceTitle "Telechess CBM 153"]
[Source "ChessBase"]
[SourceDate "2013.03.14"]
[SourceVersion "1"]
[SourceVersionDate "2013.03.14"]
[SourceQuality "1"]

1. d4 Nf6 2. c4 e5 3. dxe5 Ng4 4. Bf4 g5 5. Bg3 Bg7 6. Nf3 Nc6 7. Nc3 Ngxe5 8. Nxe5 Nxe5 9. e3 d6 10. h4 g4 11. h5 h6 12. Bh4 Qd7 13. Nd5 f5 14. f4 Nc6 15. Qc2 Qf7 16. 0-0-0 Be6 17. Kb1 0-0 18. Be1 Nb8 19. Bc3 Na6 20. Bxg7 Kxg7 21. g3 Rae8 22. Bg2 Bxd5 23. Bxd5 Qf6 24. Rhe1 1/2-1/2

[Event "BI-2011-F-00008"]
[Site "LSS email"]
[Date "2012.02.12"]
[Round "?"]
[White "Ould Ahmed, Samy"]
[Black "Yarmolyuk, Yury"]
[Result "1/2-1/2"]
[WhiteElo "2134"]
[BlackElo "2124"]
[PlyCount "69"]
[EventDate "2012.02.15"]
[EventType "tourn (corr)"]
[EventRounds "10"]
[EventCountry "GER"]
[SourceTitle "Telechess CBM 153"]
[Source "ChessBase"]
[SourceDate "2013.03.14"]
[SourceVersion "1"]
[SourceVersionDate "2013.03.14"]
[SourceQuality "1"]

1. e4 e5 2. Nf3 Nc6 3. Bb5 a6 4. Ba4 Nf6 5. 0-0 Be7 6. Re1 b5 7. Bb3 0-0 8. h3 Bb7 9. d3 d6 10. a3 Na5 11. Ba2 c5 12. Nbd2 Bc8 13. Nf1 Be6 14. Ne3 Nc6 15. Bd5 Bxd5 16. exd5 Nb8 17. b4 Nbd7 18. bxc5 Nxc5 19. d4 exd4 20. Nxd4 Nfe4 21. Bb2 Bg5 22. Nef5 Qf6 23. Rb1 Rfe8 24. g4 Na4 25. Rxe4 Rxe4 26. Ba1 Qg6 27. Nc6 Bf6 28. Nxd6 Rf4 29. Rb4 Rxb4 30. axb4 h5 31. Nf5 Kh7 32. Bd4 Bxd4 33. Qxd4 Qf6 34. Qxf6 gxf6 35. gxh5 1/2-1/2

[Event "FICGS W-ch st1 g12 email"]
[Site "FICGS email"]
[Date "2012.01.01"]
[Round "1"]
[White "Ould Ahmed, Samy"]
[Black "Payzansky, Aleksey"]
[Result "1-0"]
[WhiteElo "1948"]
[BlackElo "1844"]
[PlyCount "53"]
[EventDate "2012.??.??"]
[EventType "tourn (corr)"]
[EventRounds "8"]
[SourceTitle "Corr 2022"]
[Source "ChessBase"]
[SourceDate "2021.10.24"]
[SourceVersion "1"]
[SourceVersionDate "2021.10.24"]
[SourceQuality "1"]

1. e4 c5 2. Nf3 d6 3. d4 cxd4 4. Nxd4 Nf6 5. Nc3 g6 6. Be3 Bg7 7. Bc4 0-0 8. f3 Nc6 9. Qd2 Bd7 10. 0-0-0 Rc8 11. Bb3 Ne5 12. h4 h5 13. Bg5 Rc5 14. Kb1 b5 15. g4 hxg4 16. h5 Nxh5 17. Nd5 Re8 18. Rxh5 gxh5 19. Qh2 gxf3 20. Qxh5 Bg4 21. Qh4 Rxd5 22. Bxd5 Qb6 23. Nf5 Bxf5 24. exf5 f2 25. Rh1 Qc5 26. Qh7+ Kf8 27. Bh6 1-0

[Event "FICGS W-ch st1 g12 email"]
[Site "FICGS email"]
[Date "2012.01.01"]
[Round "1"]
[White "Ylonen, Olli"]
[Black "Ould Ahmed, Samy"]
[Result "1-0"]
[WhiteElo "1681"]
[BlackElo "1948"]
[PlyCount "31"]
[EventDate "2012.??.??"]
[EventType "tourn (corr)"]
[EventRounds "8"]
[SourceTitle "Corr 2022"]
[Source "ChessBase"]
[SourceDate "2021.10.24"]
[SourceVersion "1"]
[SourceVersionDate "2021.10.24"]
[SourceQuality "1"]

1. e4 c5 2. Nf3 d6 3. d4 cxd4 4. Nxd4 Nf6 5. Nc3 a6 6. Bg5 e6 7. f4 h6 8. Bh4 Be7 9. Qf3 Nbd7 10. 0-0-0 Qc7 11. Be2 0-0 12. Qg3 Kh8 13. Bf3 Nb6 14. e5 dxe5 15. fxe5 Nfd5 16. Bxe7 1-0

[Event "FICGS rapid A 000119 email"]
[Site "FICGS email"]
[Date "2011.12.19"]
[Round "1"]
[White "Riha, Josef"]
[Black "Ould Ahmed, Samy"]
[Result "1-0"]
[WhiteElo "1945"]
[BlackElo "1947"]
[PlyCount "67"]
[EventDate "2011.??.??"]
[EventType "tourn (rapid)"]
[SourceTitle "Corr 2022"]
[Source "ChessBase"]
[SourceDate "2021.10.24"]
[SourceVersion "1"]
[SourceVersionDate "2021.10.24"]
[SourceQuality "1"]

1. d4 Nf6 2. c4 g6 3. Nc3 Bg7 4. e4 d6 5. Nf3 0-0 6. Be2 e5 7. 0-0 Nc6 8. d5 Ne7 9. Ne1 Nd7 10. f3 f5 11. Be3 f4 12. Bf2 g5 13. a4 a5 14. Nd3 b6 15. Be1 Nf6 16. Nb5 g4 17. fxg4 Nxe4 18. Qc2 Nf6 19. Nf2 h5 20. gxh5 Kh8 21. Ne4 Nf5 22. Bf2 Nxe4 23. Qxe4 Nh6 24. Qc2 Bf5 25. Bd3 Rf7 26. Bxf5 Nxf5 27. Nc3 Qd7 28. Ne4 Bf6 29. Qd3 Rg8 30. Ra3 Bh4 31. Kh1 Bxf2 32. Rxf2 Ne3 33. Qe2 Rgg7 34. Nd2 1-0

[Event "CP-2011-P-00011"]
[Site "LSS email"]
[Date "2011.09.30"]
[Round "?"]
[White "Eide, John Henning"]
[Black "Ould Ahmed, Samy"]
[Result "0-1"]
[WhiteElo "1586"]
[BlackElo "2134"]
[PlyCount "56"]
[EventDate "2011.10.01"]
[EventType "tourn (corr)"]
[EventRounds "6"]
[EventCountry "GER"]
[SourceTitle "Telechess CBM 153"]
[Source "ChessBase"]
[SourceDate "2013.03.14"]
[SourceVersion "1"]
[SourceVersionDate "2013.03.14"]
[SourceQuality "1"]

1. d4 Nf6 2. c4 g6 3. Nc3 Bg7 4. e4 d6 5. Be2 0-0 6. Nf3 e5 7. dxe5 dxe5 8. Qxd8 Rxd8 9. Bg5 Re8 10. Nd5 Nxd5 11. cxd5 c6 12. 0-0-0 h6 13. Bh4 cxd5 14. Bb5 Bd7 15. Rxd5 Rc8+ 16. Kb1 Be6 17. Rdd1 a6 18. Ba4 Nc6 19. h3 b5 20. Bb3 Bxb3 21. axb3 Ra7 22. Rd2 Na5 23. b4 Nc4 24. Rd5 f6 25. Rhd1 g5 26. b3 Nb6 27. Rc5 Rxc5 28. bxc5 Nd7 0-1

[Event "CP-2011-P-00011"]
[Site "LSS email"]
[Date "2011.09.30"]
[Round "?"]
[White "Rush, Bradley"]
[Black "Ould Ahmed, Samy"]
[Result "0-1"]
[WhiteElo "916"]
[BlackElo "2134"]
[PlyCount "40"]
[EventDate "2011.10.01"]
[EventType "tourn (corr)"]
[EventRounds "6"]
[EventCountry "GER"]
[SourceTitle "Telechess CBM 153"]
[Source "ChessBase"]
[SourceDate "2013.03.14"]
[SourceVersion "1"]
[SourceVersionDate "2013.03.14"]
[SourceQuality "1"]

1. b4 e5 2. Bb2 Bxb4 3. Bxe5 Nf6 4. c4 0-0 5. Nf3 d5 6. cxd5 Nxd5 7. e3 Nc6 8. Bb2 Re8 9. Be2 Bf5 10. 0-0 Re6 11. Qb3 Rg6 12. Nc3 Nxc3 13. Bxc3 Bxc3 14. Qxc3 Qe7 15. d4 Be4 16. Qc5 Qf6 17. Qh5 Rd8 18. h3 Rd5 19. Qh4 Rxg2+ 20. Kxg2 Qxh4 0-1